ბათუმის შოთა რუსთაველის სახელმწიფო უნივერსიტეტის ბიბლიოთეკა

ბასკურ-კავკასიური პრობლემა (ბიბ.ჩანაწერი № 51109)

000 -LEADER
fixed length control field 00892nam a2200229Ia 4500
001 - CONTROL NUMBER
control field 18066
003 - CONTROL NUMBER IDENTIFIER
control field GE_BSU
008 - FIXED-LENGTH DATA ELEMENTS--GENERAL INFORMATION
fixed length control field 181216s||||||||xx |||||||||||||| ||und||
040 ## - CATALOGING SOURCE
Transcribing agency GE_BSU
080 ## - UNIVERSAL DECIMAL CLASSIFICATION NUMBER
Universal Decimal Classification number 811.353.1 + 811.361
100 ## - MAIN ENTRY--PERSONAL NAME
Personal name ძიძიგური, შოთა
245 ## - TITLE STATEMENT
Title ბასკურ-კავკასიური პრობლემა
245 ## - TITLE STATEMENT
Statement of responsibility, etc. რედ. ბ. ჯორბენაძე. მხ. ც. გაჩეჩილაძე
260 ## - PUBLICATION, DISTRIBUTION, ETC.
Place of publication, distribution, etc. თბილისი
260 ## - PUBLICATION, DISTRIBUTION, ETC.
Name of publisher, distributor, etc. მეცნიერება
260 ## - PUBLICATION, DISTRIBUTION, ETC.
Date of publication, distribution, etc. 1981
300 ## - PHYSICAL DESCRIPTION
Extent 82გვ. ; 21სმ
653 ## - INDEX TERM--UNCONTROLLED
Uncontrolled term ბასკურ-კავკასიური პრობლემა
653 ## - INDEX TERM--UNCONTROLLED
Uncontrolled term ქართული ენა; ბასკური ენა; ქართულ-ბასკური ურთიერთობები
942 ## - ADDED ENTRY ELEMENTS (KOHA)
Koha item type წიგნი
ეგზემპლარები
Withdrawn status Lost status Damaged status Not for loan Date acquired Barcode Date last seen Price effective from Koha item type
        2018-12-17 46058 2018-12-17 2018-12-17 წიგნი